| 000 | 00647nam a22002297a 4500 | ||
|---|---|---|---|
| 005 | 20170124110252.0 | ||
| 010 | _aA-486035 | ||
| 020 | _c00.00 | ||
| 035 | _aA-486035 | ||
| 037 | _bCen Lib/Ret | ||
| 040 |
_aDPL _bEN |
||
| 082 |
_aS _bSRI |
||
| 100 |
_aSrivastava, Sigrun _999917 |
||
| 245 |
_aThe warning / _cby Sigrun Srivastava; illustrated by Tapas Guha |
||
| 260 |
_aNew Delhi _bPuffin Books _c1991 |
||
| 270 |
_aB4/246 Safdarjung Enclave _bNew Delhi _e110029 |
||
| 300 |
_a96p. _c20cm(Hb) |
||
| 650 |
_aLiterature--Stories _999918 |
||
| 650 |
_aEnglish Stories _926733 |
||
| 700 |
_aGuha, Tapas _999919 |
||
| 942 |
_2ddc _cEN _hS _mSRI |
||
| 999 |
_c135977 _d135977 |
||